Communities : (Record no. 8965)
[ view plain ]
| 000 -LEADER | |
|---|---|
| fixed length control field | 01088nam a22002297a 4500 |
| 001 - CONTROL NUMBER | |
| control field | 8965 |
| 003 - CONTROL NUMBER IDENTIFIER | |
| control field | FISKH |
| 005 - DATE AND TIME OF LATEST TRANSACTION | |
| control field | 20251111150418.0 |
| 008 - FIXED-LENGTH DATA ELEMENTS--GENERAL INFORMATION | |
| fixed length control field | 251111b cb ||||| |||| 00| 0 eng d |
| 020 ## - INTERNATIONAL STANDARD BOOK NUMBER | |
| International Standard Book Number | 9780153097850 |
| 040 ## - CATALOGING SOURCE | |
| Original cataloging agency | FISKH |
| Language of cataloging | eng |
| Transcribing agency | FISKH |
| Modifying agency | FISKH |
| 050 ## - LIBRARY OF CONGRESS CALL NUMBER | |
| Classification number | H86.H37 C65 |
| 082 ## - DEWEY DECIMAL CLASSIFICATION NUMBER | |
| Classification number | 300 |
| 100 ## - MAIN ENTRY--PERSONAL NAME | |
| Personal name | Boehm, Richard G. |
| 245 ## - TITLE STATEMENT | |
| Title | Communities : |
| Remainder of title | Harcort brace social studies / |
| 260 ## - PUBLICATION, DISTRIBUTION, ETC. | |
| Place of publication, distribution, etc. | Orlando : |
| Name of publisher, distributor, etc. | Harcourt Brace, |
| Date of publication, distribution, etc. | 2002. |
| 300 ## - PHYSICAL DESCRIPTION | |
| Extent | 397, 49 pages : |
| Other physical details | color illustrations ; |
| Dimensions | 29 cm |
| 520 ## - SUMMARY, ETC. | |
| Summary, etc. | Harcourt Social Studies: Communities introduces young learners to the concept of communities—how people live, work, and play together. Through engaging stories, colorful illustrations, maps, and photographs, students explore different types of communities (urban, suburban, and rural) and learn about their roles as citizens. The book builds understanding of geography, history, government, and culture at the community level, encouraging respect, cooperation, and social awareness. |
| 650 ## - SUBJECT ADDED ENTRY--TOPICAL TERM | |
| Topical term or geographic name entry element | Social Studies Text |
| 942 ## - ADDED ENTRY ELEMENTS (KOHA) | |
| Source of classification or shelving scheme | Dewey Decimal Classification |
| Koha item type | Books |
| Suppress in OPAC | No |
| Withdrawn status | Lost status | Source of classification or shelving scheme | Damaged status | Not for loan | Collection | Home library | Current library | Shelving location | Date acquired | Total Checkouts | Full call number | Barcode | Date last seen | Copy number | Price effective from | Koha item type |
|---|---|---|---|---|---|---|---|---|---|---|---|---|---|---|---|---|
| Dewey Decimal Classification | Reference | Footprints International School Library Network Toul Tom Poung Campus | Footprints International School Library Network Toul Tom Poung Campus | Librarian's Shelf TTP | 11/11/2025 | BOE 300 H86.H37 C65 | FIS04963 | 11/11/2025 | 1 | 11/11/2025 | Books |
